| 000 | 00528nam a2200205Ia 4500 | ||
|---|---|---|---|
| 008 | 170918s9999 xx 000 0 und d | ||
| 020 | _a9780590479639 | ||
| 050 | _bL962 1995 | ||
| 100 | _aLundell, Margo | ||
| 245 | 2 | _aA girl named Helen Keller / | |
| 245 | _cby Margo Lundell ; illustrated by Irene Trivas. | ||
| 260 | _aNew York : | ||
| 260 | _bScholastic, | ||
| 260 | _c1995 | ||
| 300 | _aunpaged : | ||
| 300 | _bcolored illustration ; | ||
| 300 | _c22cm. | ||
| 300 | _eGrowing reader level 3. | ||
| 500 | _a350 | ||
| 999 |
_c343189 _d343189 |
||